000 00389nam a2200133Ia 4500
008 220216s9999 xx 000 0 und d
100 _aSirisinha C
245 0 _aProperties influenced by addition of copoly(ethylene/octene) in BR-NBR blends
260 _bPlastics, Rubber and Composites
_c2001
300 _a24-29
650 _aBR-NBR blends
700 _aPrayoonchatphan N
942 _cJS
999 _c65972
_d65972